How I Met Your Mother trivia - Statistics

General Stats
  • This quiz has been taken 659 times
    620 since last reset
  • The average score is 18 of 23
Answer Stats
Hint Answer % Correct
Narrator/Main Character Ted Mosby
97%
What Barney always wears suits
94%
Where Barney and Lily come from New York
92%
Where Robin comes from Canada
91%
Always hits on girls/Main Character Barney Stinson
90%
Marshall's job Lawyer
90%
Where the gang lives New York City
89%
Marshall's wife/Main Character Lily Aldrin
88%
Ted's job Architect
86%
Lily's job Kindergarten teacher
83%
Ted's former girlfriend/Main Character Robin Scherbatsky
81%
Woman who left Ted at the altar Stella Zinman
81%
Name of the gang's favorite bar MacLaren's
78%
Robin's job News Anchor
76%
Tallest character (6'4")/Main Character Marshall Eriksen
74%
Where Marshall comes from Minnesota
74%
Where Ted comes from Ohio
70%
Lily's doppelganger Stripper Lily
62%
Gang's least favorite state New Jersey
61%
Robin's doppelganger Lesbian Robin
60%
Ted's doppelganger Mexican wrestler Ted
59%
Barney's real doppelganger Dr. John Stangel
49%
Marshall's doppelganger Moustache Marshall
28%
No matching quizzes found
Score Distribution
Percent of People with Each Score
Percentile by Number Answered
Your Score History
You have not taken this quiz since the last reset